000 00494nam a2200157 i 4500
001 185748
003 ES-MaACL
005 20230906222517.0
008 160805s1922 sp |||| | cat d
110 2 _aMancomunitat de Catalunya.
_9160353
245 1 0 _aAcords de l'Assemblea en la seva dissetena reunió (agost 1922 ).
260 _aBarcelona :
_b[s.n.],
_c1922.
300 _a1 v. ;
_c23 cm.
651 4 _aCataluña-
_xPolítica y gobierno-
_y1914-1925.
_9160354
852 _aES-MaACL
_jF-7120
999 _c185748
_d185748